|
|
|
|
| LEADER |
00000nam a2200000 a 4500 |
| 001 |
vtls001386809 |
| 003 |
SK-MaSNL |
| 005 |
20260302034523.0 |
| 008 |
240314sm y0 xo 0 und |
| 035 |
|
|
|a SNK000340991
|
| 040 |
|
|
|a SNK
|b slo
|c SNK
|e AACR2
|
| 044 |
|
|
|a xo
|c SK
|
| 100 |
1 |
|
|a Ageheim, Jan
|4 aut
|9 686206
|
| 245 |
1 |
0 |
|a Rúra. B 32B 1/08
|
| 260 |
|
|
|a Banská Bystrica
|e Úrad priemyselného vlastníctva SR
|c 1999
|
| 300 |
|
|
|a 4 s.
|
| 999 |
|
|
|c 1066673
|d 1068603
|
| 952 |
|
|
|t P60, <04>, [BOOK], {604}
|a SNK
|b SNK
|y VYP
|7 0
|p 17A0234579
|o snkSK 280169
|i snkPS 540/2000
|0 0
|1 0
|4 0
|d 2000-04-11
|l 0
|r 2005-01-02 00:00:00
|w 2026-02-24
|